00993 a2200193 45000010006000000050017000060080041000230030015000640400040000790800084001192450044002030200022002472640033002693000019003025050351003210410008006721000024006808560095007044121720260407155706.0260407a2008 arg spa dAR-UNSa-BCEJYS aAR-UNSa-BCEJYSbspacAR-UNSa-BCEJYS a347.725xSociedades públicas. Sociedades anónimas (Sociedades por acciones)10aFinanciamiento de la sociedad anónima a978-950-894-688-1 1aBuenos Aires :bAD-HOCc2008 a315 p.c23 cm. a1. Financiamiento en sentido estricto: Capítulo I: El capital social - Capítulo II: El crédito - Capítulo III: Afectación de activos para la obtención de financiamiento - 2. Financiamiento indirecto: Capítulo I: Reestructuración de deudas en general - II: Reestructuración de deudas en el marco de la Ley de Concursos y Quiebras aspa1 aGiovenco, Arturo C.41uhttps://biblioeco.unsa.edu.ar/pmb/images/libros/L126455.jpgyImagen de portadaqimage/jpeg